000 00646nam a22002057a 4500
003 OSt
005 20180321104000.0
008 160927b xxu||||| |||| 00| 0 eng d
020 _a968-24-7324-1
040 _cCRI
082 _a658.3
100 1 _939916
_aGrados Espinosa, Jaime A.
245 _aIntegración y sensibilización de equipos de trabajo
_b: análisis estructural de la dinámica de grupos
_cJaime A. Grados Espinosa
250 _a1a ed.
260 _aMéxico
_bTrillas
_c2006
300 _a248 p.
_bil.
_c23 cm.
500 _aBibliografía: p. 237-238
650 0 _96298
_aDirección de personal
942 _2ddc
_cBK
_hprozim
999 _c26055
_d26055